Американцы - Армагеддон - Statistics

General Stats
  • This quiz has been taken 109 times
  • The average score is 6 of 50
Answers on the Grid
Answers color-coded by a green-red scale on the quiz's grid according to % correct below.
Рэй Брэдбери
Питер Джексон
Майкл Джордан
Хит Леджер
Миранда Керр
Терри Пратчетт
Леонардо Ди Каприо
Джеймс Уатт
Аврил Лавин
Квентин Тарантино
Усэйн Болт
Мухаммед Али
Ральф Лорен
Бейонсе
Джонни Депп
Серж Генсбур
Ричард Фейнман
Мартин Скорсезе
Эдвин Хаббл
Гильермо дель Торо
Джефф Безос
Марио Лемьё
Харрисон Форд
Стивен Кинг
Майкл Фелпс
Колин Фаррелл
Адам Смит
Стивен Спилберг
Эния
Роберт Хайнлайн
Том Круз
Серена Уильямс
Джонатан Свифт
Леннокс Льюис
Бертран Рассел
Наоми Уоттс
Леброн Джеймс
Дуайт Эйзенхауэр
Брэд Питт
Селин Дион
Стивен Содерберг
Мэри Шелли
Шакил О’Нил
Тони Хоук
Стинг
Сэмюэл Беккет
Майк Тайсон
Джастин Бибер
Брендан Глисон
Эдгар Аллан По
Ричард Докинз
Даниель Дефо
Мерил Стрип
Уитни Хьюстон
Норман Фостер
Эрнест Хемингуэй
Киану Ривз
Уэйн Гретцки
Стив Нэш
Дэвид Кроненберг
Брэм Стокер
Джулия Робертс
Янн Мартел
Бруно Марс
Эдмунд Хиллари
Райан Гослинг
Артур Кларк
Ричард Никсон
Оскар Уайльд
Рейчел Макадамс
Кристина Агилера
Деми Мур
Андре Агасси
Сиа
Малкольм Икс
Джейсон Стейтем
Билл Гейтс
Джеймс Болдуин
Педро Альмодовар
Наоми Кэмпбелл
Анджелина Джоли
Джон Стейнбек
Фрэнсис Бэкон
Ричард Аттенборо
Стиви Уандер
Курт Воннегут
Хью Джекман
Льюис Хэмилтон
Роза Паркс
Дени Вильнёв
Марк Цукерберг
Коби Брайант
Джек Керуак
Рассел Кроу
Билли Айлиш
Карл Саган
Вирджиния Вулф
Брайан Де Пальма
Дрейк
 
Answer Stats
Answer % Correct
Рэй Брэдбери
55%
Майкл Джордан
52%
Леонардо Ди Каприо
50%
Джонни Депп
36%
Стивен Кинг
33%
Мухаммед Али
29%
Брэд Питт
29%
Квентин Тарантино
24%
Бейонсе
24%
Джефф Безос
21%
Харрисон Форд
21%
Стивен Спилберг
19%
Шакил О’Нил
17%
Том Круз
14%
Леброн Джеймс
14%
Серена Уильямс
12%
Билл Гейтс
12%
Майкл Фелпс
10%
Дуайт Эйзенхауэр
10%
Майк Тайсон
10%
Уитни Хьюстон
10%
Ричард Никсон
10%
Анджелина Джоли
10%
Ральф Лорен
7%
Тони Хоук
7%
Эрнест Хемингуэй
7%
Ричард Фейнман
5%
Эдвин Хаббл
5%
Деми Мур
5%
Андре Агасси
5%
Джон Стейнбек
5%
Стиви Уандер
5%
Коби Брайант
5%
Мартин Скорсезе
2%
Роберт Хайнлайн
2%
Стивен Содерберг
2%
Мерил Стрип
2%
Джулия Робертс
2%
Малкольм Икс
2%
Курт Воннегут
2%
Марк Цукерберг
2%
Джек Керуак
2%
Билли Айлиш
2%
Карл Саган
2%
Эдгар Аллан По
0%
Бруно Марс
0%
Кристина Агилера
0%
Джеймс Болдуин
0%
Роза Паркс
0%
Брайан Де Пальма
0%
No matching quizzes found
Score Distribution
Percent of People with Each Score
Percentile by Number Answered
Your Score History
You have not taken this quiz